000 00713nam a22002177a 4500
005 20241010170100.0
010 _aENG-142085
020 _a9788186772669
_c1100.00
035 _aEN-125617
037 _bDBAD
082 _a616.1206
_21
100 _aPaliwal, Anshika
_972626
245 _aCauses of Heart Diseases and Their Preventive Measures/
_cBy Anshika Paliwal; Neelma Kumwar [and] Anjana Fellows
250 _a1
260 _aNew Delhi
_bNew Academic Publishers
_c2014
270 _a4760-61/23, Ansari Road Daryaganj
_bNew Delhi
_e110002
300 _ax,182p.
_c22cm(Hb)
700 _aKumwar, Neelma
_972627
700 _aFellows, Anjana
_972628
942 _2ddc
_cEN
_mPAL
_h616.1206
999 _c206287
_d206287